Mobilná aplikácia na platforme Android diplomová práca

Salvato in:
Dettagli Bibliografici
Autore principale: Šimonič, Karol
Ente Autore: Fakulta hospodárskej informatiky EU. Katedra aplikovanej informatiky
Altri autori: Bandurič, Igor, 1980-
Natura: Libro
Lingua:slovacco
Pubblicazione: Bratislava 2015
Tags: Aggiungi Tag
Nessun Tag, puoi essere il primo ad aggiungerne!!

MARC

LEADER 00000nbm a2200000 4500
001 0203442
005 20161212111855.6
041 0 |a slo 
044 |a SK 
245 1 0 |a Mobilná aplikácia na platforme Android  |b diplomová práca  |c Karol Šimonič ; školiteľ: Igor Bandurič 
264 1 |a Bratislava  |c 2015 
300 |a 76 s. 
100 1 |a Šimonič, Karol 
700 1 |a Bandurič, Igor, 1980- 
710 2 |a Fakulta hospodárskej informatiky EU. Katedra aplikovanej informatiky